| Поле | Инд. | ПП | Название | Значение |
|---|---|---|---|---|
| Тип записи | a | |||
| Библиографический уровень | b | |||
| 001 | Контрольный номер | 55c44afa34524dbc94463b91a10ab8f6 | ||
| 005 | Дата корректировки | 20200702092244.7 | ||
| 008 | Кодируемые данные | 20170331 | ||
| 040 | b | Код языка каталог. | rus | |
| e | Правила каталог. | PSBO | ||
| 041 | 0_ | a | Код языка текста | rus |
| 084 | a | Индекс другой классификации/Индекс ББК | 67.401.061.1(2Рос); 67.401.061.2(2Рос) | |
| 100 | 1_ | a | Автор | Лопатина Т. М. |
| 245 | 10 | a | Заглавие | Роль общественного контроля в современных условиях |
| 520 | 0_ | a | Аннотация | В статье представлена авторская точка зрения на общественный контроль в сравнении с внутренним контролем власти, осуществляемым государством. С опорой на доктринально устоявшееся понимание государственного и общественного контроля в статье исследуется вопрос о необходимости сочетания государственных и общественных форм контрольно-надзорной деятельности с практикоприменительных позиций. Дается оценка существующим и потенциальным законодательным инициативам в условиях реализации политики регуляторной гильотины. Автор констатирует, что общественный контроль является в современных условиях единственной независимой формой контроля над субъектами, которым делегированы публично-властные полномочия |
| 650 | 14 | a | Основная рубрика | право; административное право |
| 653 | 0_ | a | Ключевые слова | государственное управление |
| a | Ключевые слова | государственный контроль | ||
| a | Ключевые слова | контрольно-надзорная деятельность | ||
| a | Ключевые слова | общественный контроль | ||
| a | Ключевые слова | политика регуляторной гильотины | ||
| a | Ключевые слова | Россия | ||
| a | Ключевые слова | субъекты общественного контроля | ||
| 773 | 08 | t | Заглавие источника | Российская юстиция |
| d | Дата издания источника | 2020 | ||
| g | Прочая информация | № 4. - С. 49 - 52 | ||
| w | Контрольный № источника | d9163a71ea1647108cab3fccfb4b3d86 | ||
| 901 | t | Тип документа | b |